|
|
|
|
| LEADER |
00886nam a22002417a 4500 |
| 001 |
7000 |
| 003 |
BD-DhAAL |
| 005 |
20240904121019.0 |
| 008 |
160508s naua|||| |||| 00| 0 eng d |
| 020 |
|
|
|a 0078306353
|
| 040 |
|
|
|a BD-DhAAL
|c BD-DhAAL
|
| 082 |
|
|
|a 808.0420712
|
| 245 |
|
|
|a Glencoe literature :
|b the reader's choice /
|c Florida Lesson Plans.
|
| 264 |
|
|
|a New York, N.Y. :
|b Glencoe McGraw-Hill,
|c ©2002.
|
| 300 |
|
|
|a 176 pages :
|b illustrations ;
|c 28 cm.
|
| 541 |
|
|
|e 7000
|
| 650 |
|
|
|a Literature
|x Study and teaching (Secondary).
|9 19442
|
| 700 |
|
|
|a Plans, Florida Lesson.
|9 56726
|
| 710 |
|
|
|a Florida Lesson Plans
|9 19443
|
| 852 |
|
|
|a Ayesha Abed Library
|
| 942 |
|
|
|2 ddc
|c BK
|
| 999 |
|
|
|c 37531
|d 37531
|
| 952 |
|
|
|0 0
|1 0
|2 ddc
|4 0
|6 808_042071200000000_GLE
|7 0
|9 58936
|a SCL
|b SCL
|c GEN
|d 2016-05-08
|e Gift: The Asia Foundation
|l 0
|o 808.0420712 GLE
|p 3020007000
|r 2016-05-08
|t 1
|w 2016-05-08
|y BK
|